| 000 | 00611nam a22002177a 4500 | ||
|---|---|---|---|
| 005 | 20250507143956.0 | ||
| 008 | 250507b |||||||| |||| 00| 0 eng d | ||
| 037 | _cTB | ||
| 040 |
_alCT _clCT |
||
| 041 |
_2eng _aeng _heng |
||
| 084 | _aZ,91 Q16 | ||
| 100 |
_aParanjape, N. V. _9753601 |
||
| 245 | _aJurisprudence (Legal Theory)/ | ||
| 250 | _a8th ed. | ||
| 260 |
_aPrayagraj (Allahabad), India: _bAllahabad Law Agency, _c2016 |
||
| 300 | _axi, 640p. | ||
| 650 | _aLaw | ||
| 650 |
_a Jurisprudence _9754938 |
||
| 650 | _aLegal Theory | ||
| 942 |
_2CC _cTB _hZ,91 Q16 _n0 |
||
| 999 |
_c1320333 _d1320333 |
||